| 000 | 00453pab a2200157 454500 | ||
|---|---|---|---|
| 008 | 180718b1999 xxu||||| |||| 00| 0 eng d | ||
| 100 | _aKunimune, Kozo | ||
| 245 | _aExchange rate stabilization and IMF high interest rate policy: a critical reconsideration using a dynamic model | ||
| 260 | _c1999 | ||
| 300 | _ap.337-54 | ||
| 362 | _aSep | ||
| 650 | _aInterest rates | ||
| 650 | _aExchange rates | ||
| 773 | _aDeveloping Economies | ||
| 909 | _a43117 | ||
| 999 |
_c43117 _d43117 |
||